| 000 | 00534nam a2200217Ia 4500 | ||
|---|---|---|---|
| 005 | 20250425161247.0 | ||
| 008 | 250425s9999 xx 000 0 und d | ||
| 041 | _aeng | ||
| 082 | _a544.923 | ||
| 100 | _aRIEMAN, WILLIAM | ||
| 245 | 0 | _aION EXCHANGE IN ANALYTICAL CHEMISTRY | |
| 250 | _a1TH ED. | ||
| 260 |
_aEstados Unidos _bPERGAMON PRESS _c1970 |
||
| 260 | _aNEW YORK | ||
| 300 | _a295 | ||
| 650 | _aINTERCAMBIO IONICO | ||
| 650 | _aQUIMICA ANALITICA | ||
| 700 | _aWALTON, HAROLD F. | ||
| 942 | _c01 | ||
| 010 | _a16356 | ||
| 999 |
_c205651 _d205651 |
||